Sports Quiz

Random Sports or Basketball Quiz

Top 10 Power Forwards (ESPN) Quiz Stats

 Plays Quiz not verified by Sporcle

Challenge
Share
Tweet
Score 0/10 Timer 05:00
5 Plays Today
% Correct
9. Pau Gasol
97.6%
1. Tim Duncan
94.1%
3. Dirk Nowitzki
93.4%
4. Charles Barkley
93.3%
2. Karl Malone
91.8%
5. Kevin Garnett
91.7%
10. Dennis Rodman
91%
6. Kevin McHale
83.6%
7. Bob Pettit
57.6%
8. Elvin Hayes
35.6%

You're not logged in!

Compare scores with friends on all Sporcle quizzes.
OR
Log In

You Might Also Like...

Show Comments

Extras

Top Quizzes Today


Score Distribution

Your Account Isn't Verified!

In order to create a playlist on Sporcle, you need to verify the email address you used during registration. Go to your Sporcle Settings to finish the process.

Report this User

Report this user for behavior that violates our Community Guidelines.

Details: